Jednoduché účtovníctvo podnikateľov pre rok 2006

Guardado en:
Detalles Bibliográficos
Formato: Libro
Lenguaje:eslovaco
Publicado: Bratislava Ing. Miroslav Mračko, EPOS 2006
Materias:
Etiquetas: Agregar Etiqueta
Sin Etiquetas, Sea el primero en etiquetar este registro!

MARC

LEADER 00000nam$a2200000$$$4500
001 0056114
005 20240313133102.3
020 |a 80-8057-667-X 
041 0 |a slo 
044 |a SK 
245 1 0 |a Jednoduché účtovníctvo podnikateľov pre rok 2006 
264 1 |a Bratislava  |b Ing. Miroslav Mračko, EPOS  |c 2006 
300 |a 191 s. 
610 2 0 |a účtovníctvo jednoduché 
610 2 0 |a podnikanie 
610 2 0 |a zákony 
610 2 0 |a dane 
610 2 0 |a dane z príjmov